000 00544nam a22001937a 4500
003 OSt
005 20250708060342.0
008 250708b |||||||| |||| 00| 0 eng d
020 _a0809429675
040 _aDWCL - Main lib
_cOC
082 _aCirc. 641.222 W767 1983
245 _a Wine/
260 _a Virginia :
_bTime-Life Books,
_cc1983.
300 _a176 pages :
_b illustrations (color) ;
_c 28 cm.
504 _aIncludes index.
650 _a1. Cooking--Wine.
650 _a2. Wine and wine making.
942 _2ddc
_cBK-CIRC
_kCirc.
_n0
999 _c3459
_d3459